| 000 | 00000nam##2200000za#4500 |
| 001 | 9.643931 |
| 003 | CaOODSP |
| 005 | 20220505163029 |
| 007 | cr ||||||||||| |
| 008 | 150407|2014||||xxc|||||o f|0| 0 fre|d |
| 020 | |a978-0-660-22847-1 |
| 040 | |aCaOODSP|bfre |
| 043 | |an-cn--- |
| 086 | 1 |aHP40-1/8-1-2014F-PDF |
| 110 | 2 |aAgence de santé publique du Canada. |
| 245 | 10|aDéclaration supplémentaire concernant la prise en charge et le suivi d'abus sexuel à l'égard d'enfants impubères et prépubères : |h[ressource électronique]|bLignes directrices canadiennes sur les infections transmissibles sexuellement |
| 260 | |aOttawa - Ontario : |bAgence de santé publique du Canada |cOctobre 2014. |
| 300 | |a3p. |
| 590 | |a15-05|b2015-01-30 |
| 691 | 07|aCrime sexuel|2gcpds |
| 691 | 07|aViolence faite aux enfants|2gcpds |
| 775 | 08|tSupplementary statement for the management and follow-up of sexual abuse in peripubertal and prepubertal children : |w(CaOODSP)9.700017 |
| 856 | 40|ahttp://publications.gc.ca|qPDF|s122 Ko|uhttps://publications.gc.ca/collections/collection_2015/aspc-phac/HP40-1-8-1-2014-fra.pdf |